000 00712nam a22002297a 4500
999 _c186219
_d186219
005 20220217114720.0
010 _aENG-131650
020 _a9789388096188
_c281.00
035 _aEN-115182
037 _bDBAD
082 _a530.02462
100 _aRao, C.V. Madhusudhana
245 _aEngineering Physics/
_cC.V. Madhusudhana Rao et.al.
260 _aHyderabad
_bSpectrum Publishing House
_c2020
270 _a# 326/C, III Floor, Surneni Nilayam Near B K Guda Park, S R Nagar
_bHyderabad
_e500038
300 _axvi, 320p.
_c24cm(pbk)
700 _aReddy, P. Srinivas
700 _aKumar, D. Raj
700 _aReddy, K. Raji
700 _aSharada, K.
942 _2ddc
_cEN
_h530.2462
_mRAO